Mangas et anime - Quiz par lettre - A - Statistiques

Statistiques générales
  • Ce quiz a été pris 1 725 fois
  • Le résultat moyen est 10 sur 20
Statistiques - réponses
Indice Réponse % Correct
Complétez ce titre: L'________ des Titans Attaque
95%
Groupe de ninjas criminels ennemis de Naruto Akatsuki
91%
Manga qui met en scène les tentatives d'une classe à tuer leur professeur alien Assassination Classroom
90%
Complétez ce titre: Jojo's Bizarre ____________ Adventure
87%
Le plus grand des héros, mentor d'Izuku dans My Hero Academia All Might
85%
Naoshi Arakawa a dessiné Your Lie in ____ April
79%
Ce que pratiquent les frères Elric et Roy Mustang Alchimie
72%
L'Île d'où est originaire la princesse Vivi, dans One Piece Alabasta
62%
Manga de Katsuhiro Otomo et prénom de Toriyama Akira
59%
Le chef des Hommes Poissons sur l'archipel de Konomi, dans One Piece Arlong
59%
Le dragon grand méchant de Fairy Tail Acnologia
37%
Manga de sport, dont le protagoniste est le jeune footballer Ashito Aoi Ao Ashi
33%
Dans Bleach Hollow évolué en une forme supérieure Arrancar
32%
Il est le chef des précédents Aizen
31%
Le nom français du Capitaine Harlock Albator
27%
Constellation associée au personnage de Shun, dans Saint Seiya Andromède
18%
Cette forteresse est le premier VRMMORPG dans Sword Art Online Aincrad
13%
Nom français du prince d'Euphor, pilote de Goldorak Actarus
9%
Le pointu de l'équipe de Karasuno, portant le numéro 3, dans Haikyuu Asahi Azumane
9%
Nom du Chevalier d'Or du Lion, dans le manga Saint Seiya original Aiolia
8%
Aucun quiz correspondant
Distribution des résultats
% des personnes avec chaque résultat
Percentile par nombre de réponses
Votre historique - résultats
Vous n’avez pas pris ce quiz